| 000 | 01048nam a22003617a 4500 | ||
|---|---|---|---|
| 001 | 000750 | ||
| 003 | DO-SdBNP | ||
| 005 | 20180212153840.0 | ||
| 007 | 000750 | ||
| 008 | 930520s1987 sp | |||| ||spa | ||
| 016 | 7 |
_a _2BPMSU |
|
| 017 |
_a _b |
||
| 020 | _a8434820277 | ||
| 035 | _a | ||
| 040 |
_aBPMSU _bspa _cBPMSU _e |
||
| 041 | 1 |
_aspa _heng |
|
| 080 | 0 | _a | |
| 092 |
_2 _a833.91 _eK849p |
||
| 100 | 1 | _aKorschunow, Irina | |
| 240 | 1 | 0 |
_aKleiner Pelz _lEspañol |
| 245 | 1 | 0 |
_aPeluso / _cIrina Korschunow ; traducción Myriam Delgado de Robles ; ilustraciones Reinhard Michl _h |
| 250 | _a2ª ed. | ||
| 260 |
_aMadrid : _bSM, _c1987. |
||
| 300 |
_a93 p. : _bil. ; _c19 cm. |
||
| 490 | 1 |
_aEl barco de vapor _v113 _aSerie azul. _v22 |
|
| 650 | _2CUENTOS INFANTILES ALEMANES | ||
| 700 | 1 | 2 |
_aDelgado de Robles, Miryam, _etr. |
| 700 | 1 | 2 |
_aMichl, Reinhard, _eil. |
| 830 | 3 |
_aEl barco de vapor _v113 _pSerie azul |
|
| 942 |
_2ddc _cBK |
||
| 945 | _aInventariado, 2018 / BT | ||
| 956 |
_a VMATEO _210 _320160406 _6BPMSU _80069 |
||
| 999 |
_c12112 _d12112 |
||